000 00754nam a2200205Ia 4500
008 160319s9999 xx 000 0 und d
245 _aPompeii :
245 _bthe last day /
245 _ca BBC/Discovery Channel/NDR co-production in association with France 2 ; executive producer, Michael Mosley ; director, Peter Nicholson ; producer, Alisa Orr.
260 _bDolby Digital.
260 _c2004
300 _a1 videodisc (50 min.) :
300 _bsound, colored ;
300 _c4 3/4 in.
650 _aExcavations (Archaeology) -- Italy -- Pompeii (Extinct city).
650 _aExcavations (Archaeology).
650 _aItaly -- Pompeii (Extinct city).
650 _aPompeii (Extinct city)
650 _aVesuvius (Italy) -- Eruption, 79.
999 _c292815
_d292815